000 00338nam a2200145Ia 4500
100 _aPal/Ajit
942 _cBK
654 _aMicroprocessors
245 _aMicroprocessors :principles and applications
260 _bTata Mc Graw hill
_aNew Delhi
_c1994
082 _a621.381953
_bPAL
300 _a332
546 _aENGLISH
999 _c23567
_d23567